| 000 | 01009 am a2200289 a 4500 | ||
|---|---|---|---|
| 005 | 20240521085651.0 | ||
| 008 | 100917s1992||||ag d |||||||||||||spa d | ||
| 020 | _a9507100237 | ||
| 041 | _aspa | ||
| 092 |
_c370.73 _l28 _sGAL |
||
| 100 | 1 |
_aGalli, Amanda _eCoord. _9653 |
|
| 245 |
_aPrograma de Formación Docente Pedagógica. Curso de Aprendizaje y Evaluación. _bVol.2 El proceso de enseñanza y aprendizaje / _cAmanda Galli. |
||
| 250 | _a1a ed. | ||
| 260 |
_aBuenos Aires: _bOPS/OMS; _c1991. |
||
| 300 | _a87 p. | ||
| 500 | _aGalli, A., Kancepolski, J. y Ferrante, A. (1991). Programa de Formación Docente Pedagógica. Curso de Aprendizaje y Evaluación. Vol.2 El proceso de enseñanza y aprendizaje. (1a ed.). Buenos Aires : OPS/OMS. | ||
| 653 | _aFormación docente | ||
| 653 | _aAprendizaje | ||
| 653 | _aEvaluación | ||
| 700 | 1 |
_aKancepolski, Jorge. _9654 |
|
| 700 | 1 |
_aFerrante, Adela. _9655 |
|
| 930 | _a344 | ||
| 930 | _a351 | ||
| 930 | _a411 | ||
| 930 | _a2166 | ||
| 942 |
_2ddc _cBK |
||
| 999 |
_c740 _d740 |
||